Marxisme et théorie critique /

Salvato in:
Dettagli Bibliografici
Autore principale: Assoun, Paul-Laurent (autor)
Altri autori: Raulet, Gerard (autor) (autor)
Natura: Libro
Lingua:francese
Pubblicazione: París, Francia : Payot, 1978, c1978
Serie:(Petite Bibliothèque Payot ; 333)
Soggetti:
Tags: Aggiungi Tag
Nessun Tag, puoi essere il primo ad aggiungerne!!

MARC

LEADER 00000nam^a2200000^a^4500
001 000180801
005 20250521000000.0
009 20260526130150.443
037 |a Acervo ITESO - Biblioteca 
041 |a FRA 
082 |a 146. 32  |b ASS 
100 |a Assoun, Paul-Laurent  |e (autor) 
245 1 0 |a Marxisme et théorie critique /  |c P.L. Assoun, G. Raulet. 
264 4 |a París, Francia :  |b Payot,  |c 1978, c1978 
300 |a 248 p. 
336 |a texto  |b txt  |2 rdacontenido 
337 |a sin mediación  |b n  |2 rdamedio 
338 |a volumen  |b nc  |2 rdasoporte 
440 1 |a (Petite Bibliothèque Payot ;  |v 333) 
649 |a XX 
650 |a Ideología 
650 |a Teoría Crítica 
650 |a Escuela de Frankfurt 
650 |a Marxismo 
650 |a Economía Política 
650 |a Filosofía Política -  |z Alemania 
650 |a Interacción Comunicativa 
650 |a Subjetividad (Psicología) 
650 |a Psicoanálisis y Marxismo 
650 |a Filosofía Alemana -  |x Historia y Crítica 
650 |a Filosofía del Siglo XX 
650 |a Kant, Immanuel 
650 |a Marx, Karl 
650 |a Marcuse, Herbert 
650 |a Horkheimer, Max 
650 |a Habermas, Jürgen 
600 |a Hegel, Friedrich 
700 |a Raulet, Gerard  |e (autor) 
910 |a Fondo Armando Suárez Gómez 
920 |a Impresos - Libros 
930 |a Fondos Especiales 
905 |a 111 
901 |a 0700000814  |b IT2  |c ESP  |u 20250521 
902 |a https://opac.biblio.iteso.mx/vufind/Record/000180801